| 000 | 00395 a2200157 4500 | ||
|---|---|---|---|
| 001 | 187945 | ||
| 020 | _a978-85-7678-053-3 | ||
| 040 | _cMagnum | ||
| 100 | _aSacconi, Luiz Antonio | ||
| 240 | 1 | 0 |
_aNossa gramática completa sacconi _lpor |
| 245 | 1 | 0 | _aNossa gramática completa sacconi |
| 300 | _a592 | ||
| 362 | 0 | _a2008 | |
| 697 | _aLÍNGUA, TEORIA DA LITERATURA E GRAMÁTICA | ||
| 942 | _cBK | ||
| 999 |
_c187945 _d187945 |
||